| 000 | 00855pam a2200265 i 4500 | ||
|---|---|---|---|
| 001 | 7974 | ||
| 003 | BD-RjUL | ||
| 005 | 20211208234514.0 | ||
| 008 | 140116s1975 ne b 001 0 eng d | ||
| 020 | _a044410884X (American Elsevier) | ||
| 035 | _a(BD-RjUL) 8018 | ||
| 040 |
_aDLC _cDLC _d(BD-RjUL) _beng |
||
| 041 | _aeng | ||
| 082 | 0 | 0 |
_a519.72 _bSTU |
| 245 | 0 | 0 |
_aStudies in linear programming / _cedited by Harvey M. Salkin and Jahar Saha. |
| 260 |
_aAmsterdam : _bNorth-Holland Pub. Co. ; _aNew York : _bAmerican Elsevier Pub. Co., _c1975. |
||
| 300 |
_axi, 322 p. : _bill. ; _c23 cm. |
||
| 490 | 0 |
_aStudies in management science and systems _v v. 2 |
|
| 504 | _aIncludes bibliographies and index. | ||
| 650 | 0 |
_aLinear programming. _96536 |
|
| 700 | 1 |
_aSaha, Jahar. _924879 |
|
| 942 |
_2ddc _cBK |
||
| 999 |
_c7974 _d7974 |
||